000 01286cam a22002294a 4500
005 20250605164009.0
008 250528s ||||||||||||||||||||||||d
035 _a15891
020 _a471348066
040 _aGR-AtMCL
_bgre
_dGR-AtMCL
_eAACR2
245 1 _aSystem Analysis and Design with UML Version 2.0 / An Object-Oriented Approach
250 _a2nd
260 _bJohn Wiley & Sons, Ltd,
_c2005
300 _a528
520 _aThis book features a new chapter on the Unified Process, increased coverage of project management, and more examples. Preface, Introduction to Systems Analysis and Design, Introduction to Object-Oriented Systems Analysis and Design with the Unified Modeling Language Version 2.0, Planning Phase, Project Initiation, Project Management, Analysis Phase, Requirements Determination, Functional Modeling, Structural Modeling, Behavioral Modeling, Design Phase, Moving on to Design, Class and Method Design, Data Management Layer Design, Human Computer Interaction Layer Design, Physical Architecture Layer Design, Implementation Phase, Construction, Installation and Operations, Index.
700 1 _aDennis Alan
_91913
700 1 _aTegarden David
_91914
700 1 _aWixom Haley Barbara
_91915
942 _cBK
999 _c1439
_d1439